| 000 | 00769nam a2200229 a 4500 | ||
|---|---|---|---|
| 001 | 000040761 | ||
| 005 | 20201002034347.0 | ||
| 008 | 130906s2002 sp ac 000 0 spa d | ||
| 020 | _a842520609X | ||
| 040 |
_aDO-SdBNP _bspa _cBNPHU |
||
| 100 | 1 |
_aDondis, D. A. _967165 |
|
| 240 | 1 | 0 |
_aA primer of visual Literacy _lEspañol |
| 245 | 1 | 3 |
_aLa sintaxis de la imagen : _bintroducción al alfabeto visual / _cD. A. Dondis ; prólogo Albert Ráfols I Casamada. |
| 250 | _a15a ed. | ||
| 260 |
_aBarcelona : _bGustavo Gilli, _c2002. |
||
| 300 |
_a211 p. : _bils. ; _c21 cm. |
||
| 490 | 1 | _aGG Diseño | |
| 500 | _aTraducido del idioma ingléz | ||
| 504 | _aBibliografía : p. 209-210 | ||
| 700 | 1 |
_aRáfols I Casamada, Albert, _epról. _967166 |
|
| 830 | 0 |
_aGG Diseño _962662 |
|
| 999 |
_c40251 _d40251 |
||